000 00775nam a22002297a 4500
003 UA-OsUOA
001 105083
007 ta
008 20140211b un ||||| |||| 00| 0 ukr d
100 _aМихайлов В.С
700 _aХанін О.Г.
090 _a330(477)
_bМ69
942 _cSA
040 _aUA-OsUOA
_bukr
_cUA-OsUOA
_dUA-OsUOA
245 _aПідходи щодо статистичного моделювання вітчизнянного ринку праці: сегмент молодих професіоналів та фахівців
300 _aС.24-31
955 _a0
041 _aukr
080 _a330(477)
773 0 _w105080
_tСтатистика України
_dК.
_d2013
_g4
650 7 _a330 Економіка взагалі
_2UDC
999 _c391040
_d391040